Aha! : a two volume collection

Αποθηκεύτηκε σε:
Λεπτομέρειες βιβλιογραφικής εγγραφής
Κύριος συγγραφέας: Gardner, Martin, 1914-2010
Μορφή: Βιβλίο
Γλώσσα:English
Δημοσίευση: [Washington, DC] : Mathematical Association of America, c2006
Θέματα:
Ετικέτες: Προσθήκη ετικέτας
Δεν υπάρχουν, Καταχωρήστε ετικέτα πρώτοι!

MARC

LEADER 00000nam a2200000 i 4500
001 1/79577
008 080331s2006 eng d
020 |a 0-88385-551-8 
035 |l 10095999 
040 |a GR-MY-UA  |b gre  |e aacr 
041 0 |a eng 
082 0 |a 793.74  |2 (22) 
100 1 |a Gardner, Martin,   |d 1914-2010. 
245 1 0 |a Aha! :  |b a two volume collection /  |c Martin Gardner 
260 |a [Washington, DC] :   |b Mathematical Association of America,   |c c2006 
300 |a xvii, 164, ix, 181 σ.;  |b εικ.;  |c 25 εκ. 
500 |a Aha! Gotcha originally published in 1982. Aha! Insight originally published in 1978 
504 |a Περιέχει βιβλιογραφικές παραπομπές 
505 0 |a Aha! Gotcha -- Aha! Insight 
650 0 0 |a Mathematical recreations. 
650 0 0 |a Paradox. 
650 0 0 |a Logic puzzles. 
740 0 2 |a Aha! Gotcha 
740 0 2 |a Aha! Insight 
852 |a INST  |b SAMOS  |e 20080331  |h 793.74 GAR  |p 005300026632  |q 005300026632  |t BK  |y 0 
901 |a BIBL3-2008-1 
909 |a Σ  |b 142421 
922 |a 3ΕΛΗ  |b 200712  |c ΕΠΕΑΕΚ2/ΤΜΗΜΑ ΜΑΘΗΜΑΤΙΚΩΝ  |d ΕΛΕΥΘΕΡΟΥΔΑΚΗΣ 
970 |a ΡΟΥΣΣΟΥ  |b ΚΩΝΣΤΑΝΤΙΝΑ  |z 2008/03/31